Die 7 Kontinente nach Anzahl der Länder - Statistiken

Allgemein
  • Dieses Quiz wurde 296 mal gespielt
  • Das Durchschnittsergebnis liegt bei 7 aus 7
Antwortstatistiken
Anzahl Kontinent % Korrekt
54 Afrika
100%
45 Europa
99%
48 Asien
98%
23 Nordamerika
98%
14 Ozeanien
96%
0 Antarktika
95%
12 Südamerika
95%
Keine übereinstimmenden Quizze gefunden
Verteilung der Resultate
Anzahl Personen mit jedem Resultat
Perzentil nach korrekt beantworteten Fragen
Ihre Resultats-Entwicklung
Sie haben dieses Quiz noch nicht gespielt